Paul Rosenberg papers, (Record no. 44539)
[ view plain ]
| 000 -LEADER | |
|---|---|
| fixed length control field | 01788cpcaa2200373 a 4500 |
| 001 - CONTROL NUMBER | |
| control field | mm 99084403 |
| 003 - CONTROL NUMBER IDENTIFIER | |
| control field | DLC |
| 005 - DATE AND TIME OF LATEST TRANSACTION | |
| control field | 20260227111728.0 |
| 007 - PHYSICAL DESCRIPTION FIXED FIELD--GENERAL INFORMATION | |
| fixed length control field | cr ||||||||||| |
| 008 - FIXED-LENGTH DATA ELEMENTS--GENERAL INFORMATION | |
| fixed length control field | 990618|||||||||||| eng |
| 010 ## - LIBRARY OF CONGRESS CONTROL NUMBER | |
| LC control number | mm 99084403 |
| 040 ## - CATALOGING SOURCE | |
| Original cataloging agency | DLC |
| Transcribing agency | DLC |
| Modifying agency | DLC |
| Description conventions | dacs |
| 072 #7 - SUBJECT CATEGORY CODE | |
| Subject category code | S |
| Source | lcmd |
| 100 1# - MAIN ENTRY--PERSONAL NAME | |
| Personal name | Rosenberg, Paul, |
| Dates associated with a name | 1910-1999. |
| 245 00 - TITLE STATEMENT | |
| Title | Paul Rosenberg papers, |
| Inclusive dates | 1934-1953 |
| Bulk dates | (bulk 1936-1940). |
| 300 ## - PHYSICAL DESCRIPTION | |
| Extent | 425 |
| Type of unit | items. |
| 300 ## - PHYSICAL DESCRIPTION | |
| Extent | 3 |
| Type of unit | containers plus |
| Extent | 1 |
| Type of unit | oversize. |
| 300 ## - PHYSICAL DESCRIPTION | |
| Extent | 0.5 |
| Type of unit | linear feet. |
| 506 0# - RESTRICTIONS ON ACCESS NOTE | |
| Terms governing access | Open to research. |
| 520 8# - SUMMARY, ETC. | |
| Summary, etc. | Correspondence, writings, notes, printed matter, graphs, calculations, photographs, and other material relating chiefly to molecular beams research conducted by Rosenberg as a graduate student under the direction of I. I. Rabi at Columbia University from 1936 to 1940. Later material relates to his firm of consulting physicists, Paul Rosenberg and Associates, Pelham, N.Y. |
| 545 0# - BIOGRAPHICAL OR HISTORICAL DATA | |
| Biographical or historical data | Physicist. |
| 546 ## - LANGUAGE NOTE | |
| Language note | Collection material in English. |
| 555 8# - CUMULATIVE INDEX/FINDING AIDS NOTE | |
| Cumulative index/finding aids note | Finding aid available in the Library of Congress Manuscript Reading Room and at |
| Uniform Resource Identifier | <a href="http://hdl.loc.gov/loc.mss/eadmss.ms009136">http://hdl.loc.gov/loc.mss/eadmss.ms009136</a> |
| 600 10 - SUBJECT ADDED ENTRY--PERSONAL NAME | |
| Personal name | Rabi, I. I. |
| Fuller form of name | (Isidor Isaac), |
| Dates associated with a name | 1898-1988. |
| 610 20 - SUBJECT ADDED ENTRY--CORPORATE NAME | |
| Corporate name or jurisdiction name as entry element | Columbia University. |
| 610 20 - SUBJECT ADDED ENTRY--CORPORATE NAME | |
| Corporate name or jurisdiction name as entry element | Paul Rosenberg and Associates (Pelham, N.Y.) |
| 650 #0 - SUBJECT ADDED ENTRY--TOPICAL TERM | |
| Topical term or geographic name entry element | Molecular beams |
| General subdivision | Research. |
| 650 #0 - SUBJECT ADDED ENTRY--TOPICAL TERM | |
| Topical term or geographic name entry element | Physics |
| General subdivision | Research. |
| 656 #7 - INDEX TERM--OCCUPATION | |
| Occupation | Physicists. |
| Source of term | itoamc |
| 856 4# - ELECTRONIC LOCATION AND ACCESS | |
| Materials specified | Finding aid |
| Uniform Resource Identifier | <a href="http://hdl.loc.gov/loc.mss/eadmss.ms009136">http://hdl.loc.gov/loc.mss/eadmss.ms009136</a> |
| 856 4# - ELECTRONIC LOCATION AND ACCESS | |
| Materials specified | Finding aid (PDF) |
| Uniform Resource Identifier | <a href="http://hdl.loc.gov/loc.mss/eadmss.ms009136.3">http://hdl.loc.gov/loc.mss/eadmss.ms009136.3</a> |
No items available.